Nombre de 1 à 15 en 15 secondes - Statistiques

Statistiques générales
  • Ce quiz a été pris 1 077 fois
    1 039 depuis la dernière actualisation
  • Le résultat moyen est 14 sur 15
Statistiques - réponses
Réponse % Correct
1
100%
2
99%
3
99%
4
99%
5
98%
6
97%
7
97%
8
97%
9
97%
10
95%
11
94%
12
93%
13
91%
14
91%
15
91%
Aucun quiz correspondant
Distribution des résultats
% des personnes avec chaque résultat
Percentile par nombre de réponses
Votre historique - résultats
Vous n’avez pas pris ce quiz depuis la dernière actualisation